Detalles MARC
| 000 -Cabecera |
| Campo de control de longitud fija |
01501aam a2200505 4500 |
| 005 - Fecha y hora de la última transacción |
| Campo de control |
20241217110927.0 |
| 008 - Elementos de longitud fija--Información general |
| Campo de control de longitud fija |
150624b xxu||||| |||| 00| 0 spa d |
| 041 ## - Idioma |
| Código de idioma |
|
| 082 ## - Clasificación Decimal Dewey |
| Número de clasificación |
658.401.2 H557p2 |
| 100 ## - Entrada principal--Autor personal |
| Nombre personal |
Hernández Orozco, Carlos |
| 245 ## - Título propiamente dicho |
| Título |
Planificación y programación |
| 250 ## - Edición |
| Mención de edición |
2 edición |
| 260 ## - Pie de imprenta |
| Lugar de publicación, distribución, etc. |
Costa Rica |
| Nombre del editor, distribuidor, etc. |
EUNED |
| Fecha de publicación, distribución, etc. |
2011 |
| 300 ## - Descripción física |
| Extensión |
286 páginas |
| 650 ## - Materia general |
| Temática (materia general) |
PLANIFICACIÓN |
| 650 ## - Materia general |
| Temática (materia general) |
SISTEMAS DE PLANIFICACIÓN |
| 650 ## - Materia general |
| Temática (materia general) |
ADMINISTRACION PUBLICA |
| 650 ## - Materia general |
| Temática (materia general) |
PLANIFICACION ESTRATÉGICA |
| 650 ## - Materia general |
| Temática (materia general) |
SISTEMA NACIONAL DE PLANIFICACION |
| 650 ## - Materia general |
| Temática (materia general) |
PLAN OPERATIVO ANUAL |
| 650 ## - Materia general |
| Temática (materia general) |
PRESUPUESTO |
| 650 ## - Materia general |
| Temática (materia general) |
MÉTODO FODA |
| 650 ## - Materia general |
| Temática (materia general) |
INFORMA DEL PLAN ESTRATÉGICO |
| 650 ## - Materia general |
| Temática (materia general) |
TIPIFICACIÓN DE LOS SISTEMAS |
| 650 ## - Materia general |
| Temática (materia general) |
NIVELES DE PLANIFICACIÓN |
| 650 ## - Materia general |
| Temática (materia general) |
TÁCTICA |
| 650 ## - Materia general |
| Temática (materia general) |
FASES DEL PROCESO DE PLANIFICACIÓN |
| 650 ## - Materia general |
| Temática (materia general) |
DIAGNÓSTICO |
| 650 ## - Materia general |
| Temática (materia general) |
MARCO JURÍDICO |
| 650 ## - Materia general |
| Temática (materia general) |
ESTRATEGIAS |
| 650 ## - Materia general |
| Temática (materia general) |
CONTROL DEL PROCESO |
| 650 ## - Materia general |
| Temática (materia general) |
INFORME DE UN PROYECTO |
| 650 ## - Materia general |
| Temática (materia general) |
MARCO LÓGICO |
| 650 ## - Materia general |
| Temática (materia general) |
ESTRUCTURA DEL PLAN OPERATIVO |
| 650 ## - Materia general |
| Temática (materia general) |
PRESUPUESTO |
| 650 ## - Materia general |
| Temática (materia general) |
TIPOS DE PRESUPUESTO |
| 650 ## - Materia general |
| Temática (materia general) |
PROCESO PRESUPUESTARIO |
| 650 ## - Materia general |
| Temática (materia general) |
CLASIFICACIÓN PRESUPUESTARÍAS |
| 650 ## - Materia general |
| Temática (materia general) |
JUSTICACIÓN DE LOS EGRESOS |
| 650 ## - Materia general |
| Temática (materia general) |
CLASIFICACIÓN DE LOS EGRESOS |
| 650 ## - Materia general |
| Temática (materia general) |
PROGRAMACIÓN ADMNISTRATIVA |
| 650 ## - Materia general |
| Temática (materia general) |
TÉCNICAS DE PROGRAMACIÓN |
| 942 ## - Punto de acceso adicional KOHA |
| Tipo de ítem KOHA |
Libro |
| Fuente del sistema de clasificación o colocación |
Dewey Decimal Classification |